书目信息 |
| 题名: |
开启理性之门
|
|
| 作者: | 冯俊 著 | |
| 分册: | ||
| 出版信息: | 北京 中国人民大学出版社 2010 |
|
| 页数: | 237页 | |
| 开本: | 23cm | |
| 丛书名: | 朗朗书房 | |
| 单 册: | ||
| 中图分类: | B565.21 | |
| 科图分类: | ||
| 主题词: | 哲学思想 | |
| 电子资源: | ||
| ISBN: | 978-7-300-06344-7 | |
| 000 | 01333oam2 2200313 45 | |
| 001 | 1029488495 | |
| 005 | 20100428085826.29 | |
| 010 | @a978-7-300-06344-7@dCNY18.80 | |
| 100 | @a20100426d2010 emky0chiy0110 ea | |
| 101 | 0 | @achi@eeng |
| 102 | @aCN@b110000 | |
| 105 | @ay z 000yy | |
| 106 | @ar | |
| 200 | 1 | @a开启理性之门@AKai Qi Li Xing Zhi Men@dOpen the Door of Reason:Studies in Cartesianism@e笛卡儿哲学研究@EDi Ka Er Zhe Xue Yan Jiu@f冯俊著@FFeng Jun Zhu@zeng |
| 210 | @a北京@c中国人民大学出版社@d2010 | |
| 215 | @a237页@d23cm | |
| 225 | 2 | @a朗朗书房@i中国当代学术思想文库@v12 |
| 308 | @a丛书第一辑 | |
| 330 | @a本书对笛卡儿的理性主义的基本原则、方法论体系、“我思故我在”、天赋观念论、对上帝存在和外物存在的证明、心身关系、形而上学和物理学的关系等核心理论进行了深入的分析和阐释,并对笛卡儿哲学在西方近现代哲学中的影响力和生命力做出了全面和准确的描述。 | |
| 462 | 0 | @12001 @a中国当代学术思想文库@v12 |
| 510 | 1 | @aOpen the Door of Reason@eStudies in Cartesianism@zeng |
| 517 | 1 | @a笛卡儿哲学研究@ADi Ka Er Zhe Xue Yan Jiu |
| 600 | 0 | @a笛卡尔@c(Descartes, Rene@f1596~1650)@x哲学思想@x研究 |
| 600 | 0 | @a笛卡尔@c(Descartes, Rene@f1596~1650) |
| 606 | 0 | @a哲学思想 |
| 690 | @aB565.21@v4 | |
| 701 | 0 | @a冯俊@AFeng Jun@f(1958~)@4著 |
| 801 | 0 | @aCN@bTANGWEI@c20100428 |
| 905 | @b0596243-47@dB565.21@e59@f5 | |
| 开启理性之门=Open the Door of Reason:Studies in Cartesianism:笛卡儿哲学研究/冯俊著.-北京:中国人民大学出版社,2010 |
| 237页;23cm.-(朗朗书房.中国当代学术思想文库;12) |
| ISBN 978-7-300-06344-7:CNY18.80 |
| 本书对笛卡儿的理性主义的基本原则、方法论体系、“我思故我在”、天赋观念论、对上帝存在和外物存在的证明、心身关系、形而上学和物理学的关系等核心理论进行了深入的分析和阐释,并对笛卡儿哲学在西方近现代哲学中的影响力和生命力做出了全面和准确的描述。 |
| ● |
| 相关链接 |
|
|
|
|
正题名:开启理性之门
索取号:B565.21/59
 
预约/预借
| 序号 | 登录号 | 条形码 | 馆藏地/架位号 | 状态 | 备注 |
| 1 | 0596243 | 205962430 | 第一样本阅览室/ [索取号:B565.21/59] | 在馆 | |
| 2 | 0596244 | 205962449 | 第一借阅区/ [索取号:B565.21/59] | 在馆 | |
| 3 | 0596245 | 205962458 | 第一借阅区/ [索取号:B565.21/59] | 在馆 | |
| 4 | 0596246 | 205962467 | 第一借阅区/ [索取号:B565.21/59] | 在馆 | |
| 5 | 0596247 | 205962476 | 第一借阅区/ [索取号:B565.21/59] | 在馆 |